000 00492nam a22001937a 4500
003 OSt
005 20140310181706.0
008 121121t xxu||||| |||| 00| 0 eng d
020 _a0854763708
050 _aPZ 7
_b.W659 1993
082 _aKF
_bW63s 1993
245 _aShoot! /
_cPaul Wigmore.
260 _aGreat Britain :
_bKingsway Publication Ltd.,
_cc1993.
300 _a157 p. ;
_bill. ;
_c18 cm.
541 _j1
562 _e1
650 _aFiction
_9746
942 _2lcc
_cBK-KF
_kKF
999 _c1319
_d1319